Closing the gap in education and technology / (Record no. 7330)
[ view plain ]
| 000 -LEADER | |
|---|---|
| fixed length control field | 00717nam a22002052 4500 |
| 001 - CONTROL NUMBER | |
| control field | 0000006982 |
| 005 - DATE AND TIME OF LATEST TRANSACTION | |
| control field | 20151217152019.0 |
| 008 - FIXED-LENGTH DATA ELEMENTS--GENERAL INFORMATION | |
| fixed length control field | 071105s xx 000 0 eng d |
| 020 ## - INTERNATIONAL STANDARD BOOK NUMBER | |
| International Standard Book Number | 0821351729 : |
| Terms of availability | KES 900 |
| 040 ## - CATALOGING SOURCE | |
| Original cataloging agency | KABU |
| Transcribing agency | KABU |
| 245 10 - TITLE STATEMENT | |
| Title | Closing the gap in education and technology / |
| Statement of responsibility, etc. | by David de Ferranti ...[et al.] |
| 260 ## - PUBLICATION, DISTRIBUTION, ETC. (IMPRINT) | |
| Place of publication, distribution, etc. | Washington, D. C. : |
| Name of publisher, distributor, etc. | World Bank, |
| Date of publication, distribution, etc. | 2003. |
| 300 ## - PHYSICAL DESCRIPTION | |
| Extent | xii,216 p. |
| 650 #0 - SUBJECT ADDED ENTRY--TOPICAL TERM | |
| Topical term or geographic name as entry element | Education |
| Location of event | Latin America |
| General subdivision | Economic aspects. |
| -- | 0000157980 |
| 650 #0 - SUBJECT ADDED ENTRY--TOPICAL TERM | |
| Topical term or geographic name as entry element | Education |
| Location of event | Latin America |
| General subdivision | Effect of technological innovations on. |
| -- | 0000157981 |
| 700 1# - ADDED ENTRY--PERSONAL NAME | |
| Personal name | De Ferranti, David. |
| -- | 0000157982 |
| 908 ## - PUT COMMAND PARAMETER (RLIN) | |
| Put command parameter | 071105 |
| 950 ## - LOCAL HOLDINGS (RLIN) | |
| -- | 1 |
| Withdrawn status | Lost status | Source of classification or shelving scheme | Not for loan | Home library | Current library | Date acquired | Total Checkouts | Full call number | Barcode | Date last seen | Price effective from | Koha item type |
|---|---|---|---|---|---|---|---|---|---|---|---|---|
| Library of Congress Classification | Kabarak, Main Campus | Kabarak, Main Campus | 17/12/2015 | LC63 .L3C56 | 012898 | 17/12/2015 | 17/12/2015 | General Collection |